| 000 | 00853nam a2200277 a 4500 | ||
|---|---|---|---|
| 001 | 000022916 | ||
| 005 | 20200930021853.0 | ||
| 008 | 101122s1997 mx r 000 | spa d | ||
| 020 | _a9681903544 | ||
| 040 |
_aDO-SdBNP _bspa _cBNPHU |
||
| 082 |
_axxx _bC569 |
||
| 245 | 1 | 0 |
_aCuentos de ciencia ficción : _bantología / _cseleccón y prólogo Ricardo Bernal ; H. G. Well ...[et al.]. |
| 250 | _a3a ed. | ||
| 260 |
_aMéxico D.F. : _bAlfaguara, _c1997. |
||
| 300 |
_a195 p. ; _c22 cm. |
||
| 700 | 1 |
_aWell, H. G. _947109 |
|
| 700 | 1 |
_aHamilton, Edmond _947110 |
|
| 700 | 1 |
_aBradbury, Ray _947111 |
|
| 700 | 1 |
_aSimak, Clifford D. _947112 |
|
| 700 | 1 |
_aSilverberg, Robert _945056 |
|
| 700 | 1 |
_aClarke, Arthur C. _947113 |
|
| 700 | 1 |
_aAsimov, Isaac C. _947114 |
|
| 700 | 1 |
_aLem, Stanislaw _947115 |
|
| 700 | 1 |
_aDick, Philip K. _947116 |
|
| 049 | _aBNGR | ||
| 999 |
_c22413 _d22413 |
||